Największe anglojęzyczne miasta - Statystyki

Ogólne statystyki
  • Ten quiz został rozwiązany 263 razy
  • Średni wynik to 13 z 33
Statystyki odpowiedzi
Populacja Miasto % Poprawnych
14,7 milI Londyn
98%
22,4 milI Nowy Jork
93%
17,8 milI Los Angeles
86%
8,6 milI Waszyngton
76%
9,8 milI Chicago
73%
3,1 miliona Manchester
64%
6,4 miliona Miami
64%
7,9 milI San Francisco
64%
3,1 miliona Birmingham
62%
7,4 miliona Toronto
59%
7,7 miliona Boston
48%
7,1 miliona Dallas
47%
4,9 miliona Melbourne
45%
6,6 miliona Houston
44%
7,4 miliona Filadelfia
42%
4,4 miliona Seattle
41%
3,7 miliona Denver
36%
3,3 miliona San Diego
35%
13,7 milI Johannesburg
32%
5,8 miliona Atlanta
31%
4,2 miliona Kapsztad
31%
5,7 miliona Detroit
30%
2,8 miliona Vancouver
29%
3,4 miliona Orlando
19%
3,1 miliona Brisbane
15%
3,2 miliona Minneapolis
14%
7,8 milI Singapur
14%
5,2 miliona Sydnej
14%
3,1 miliona Cleveland
11%
4,3 miliona Tampa
10%
3,4 miliona Durban
8%
4,6 miliona Feniks
5%
2,8 miliona Cincinatti
2%
Nie znaleziono quizów pasujących do podanych kryteriów
Rozkład punktacji
Procent ludzi z każdym wynikiem
Percentyl według liczby udzielonych odpowiedzi
Twoja historia wyników
Nie rozwiązałeś tego quizu